[Event "GBR-ch78"]
[Site "Eastbourne"]
[Date "1991.07.29"]
[Round "1.1"]
[White "Coleman, David J"]
[Black "Plaskett, H James"]
[Result "0-1"]
[WhiteElo "2265"]
[BlackElo "2465"]
[PlyCount "80"]
[EventDate "1991.07.29"]
[EventType "swiss"]
[EventRounds "11"]
[EventCountry "GBR"]
[SourceTitle "EXT 1997"]
[Source "ChessBase"]
[SourceDate "1996.11.15"]
[SourceVersion "1"]
[SourceVersionDate "1996.11.15"]
[SourceQuality "1"]

1. e4 c5 2. Nf3 e6 3. d4 cxd4 4. Nxd4 a6 5. Bd3 Qc7 6. f4 Bc5 7. Nb3 Ba7 8. Qg4
g6 9. Bd2 d6 10. Bc3 e5 11. Qg3 Nc6 12. Rf1 b5 13. Bd2 Nge7 14. Nc3 Be6 15. f5
Bc4 16. f6 Nc8 17. Nd5 Qb7 18. O-O-O Nb6 19. Bc3 Nxd5 20. exd5 Bxd5 21. Bxg6
hxg6 22. Rxd5 O-O-O 23. Rfd1 b4 24. Be1 Nd4 25. Qg4+ Kb8 26. Qe4 Rxh2 27. Bg3
Rh5 28. Na5 Qc7 29. R5xd4 Bxd4 30. Nc6+ Kc8 31. Nxd8 Kxd8 32. Qa8+ Kd7 33. Qxa6
Qc6 34. Qe2 Qc5 35. Be1 Rf5 36. g4 Rxf6 37. Bh4 Rf4 38. Bg3 Be3+ 39. Kb1 Re4
40. Re1 Rd4 0-1

[Event "GBR-ch78"]
[Site "Eastbourne"]
[Date "1991.07.29"]
[Round "1.3"]
[White "Buckley, Graeme"]
[Black "Barua, Dibyendu"]
[Result "0-1"]
[WhiteElo "2285"]
[BlackElo "2550"]
[PlyCount "94"]
[EventDate "1991.07.29"]
[EventType "swiss"]
[EventRounds "11"]
[EventCountry "GBR"]
[SourceTitle "EXT 1997"]
[Source "ChessBase"]
[SourceDate "1996.11.15"]
[SourceVersion "1"]
[SourceVersionDate "1996.11.15"]
[SourceQuality "1"]

1. d4 d5 2. c4 dxc4 3. Nf3 Nf6 4. Qa4+ c6 5. Qxc4 Bf5 6. g3 e6 7. Bg2 Nbd7 8.
Nc3 h6 9. O-O Be7 10. e3 O-O 11. Qe2 Ne4 12. Nd2 Nxd2 13. Bxd2 Bg6 14. e4 Nf6
15. Rfd1 Bh5 16. Bf3 Bxf3 17. Qxf3 Qb6 18. b3 Rad8 19. Be3 Qa5 20. Na4 Rd7 21.
Nb2 Qh5 22. Qxh5 Nxh5 23. Nc4 f5 24. Ne5 Rdd8 25. Ng6 Rfe8 26. Nxe7+ Rxe7 27.
d5 exd5 28. exd5 Red7 29. Bxa7 Rxd5 30. Re1 Kf7 31. Kf1 Nf6 32. f3 g5 33. Be3
Rd3 34. Ke2 g4 35. Rf1 Kg6 36. Bf4 Rc3 37. Rac1 Re8+ 38. Kd2 Rxf3 39. h4 Rd8+
40. Kc2 Rdd3 41. Rxf3 Rxf3 42. Re1 Ne4 43. h5+ Kxh5 44. Rh1+ Kg6 45. Rxh6+ Kg7
46. Rh5 Nxg3 47. Bxg3 Kg6 0-1

[Event "GBR-ch78"]
[Site "Eastbourne"]
[Date "1991.07.29"]
[Round "1.4"]
[White "Norwood, David"]
[Black "Lalic, Susan"]
[Result "0-1"]
[WhiteElo "2500"]
[BlackElo "2275"]
[PlyCount "80"]
[EventDate "1991.07.29"]
[EventType "swiss"]
[EventRounds "11"]
[EventCountry "GBR"]
[SourceTitle "EXT 1997"]
[Source "ChessBase"]
[SourceDate "1996.11.15"]
[SourceVersion "1"]
[SourceVersionDate "1996.11.15"]
[SourceQuality "1"]

1. g3 d5 2. Bg2 c6 3. d3 Nf6 4. Nd2 e5 5. Ngf3 e4 6. Nd4 Bc5 7. N2b3 Bb6 8. Bg5
exd3 9. cxd3 h6 10. Bf4 O-O 11. O-O Re8 12. Qc2 a5 13. Nf3 Qe7 14. Rfe1 a4 15.
Nbd4 Bg4 16. e4 dxe4 17. dxe4 Nbd7 18. e5 Nd5 19. Rad1 Qc5 20. Qb1 Nxf4 21.
gxf4 Bxf3 22. Bxf3 Nf8 23. b4 axb3 24. axb3 Ba5 25. Re4 Red8 26. Rc1 Qa7 27.
Nf5 Rd2 28. Ne3 Ne6 29. Bg4 Nc5 30. e6 Nxe4 31. exf7+ Kxf7 32. Qxe4 Qd4 33. Qf3
Bc7 34. Rc4 Qa1+ 35. Kg2 Raa2 36. Bh5+ Kg8 37. Ng4 Qd1 38. Qe4 Rxf2+ 39. Nxf2
Qxh5 40. Rd4 Qg4+ 0-1

[Event "GBR-ch78"]
[Site "Eastbourne"]
[Date "1991.07.29"]
[Round "1.5"]
[White "Mortazavi, Ali"]
[Black "Thipsay, Praveen Mahadeo"]
[Result "0-1"]
[WhiteElo "2275"]
[BlackElo "2490"]
[PlyCount "92"]
[EventDate "1991.07.29"]
[EventType "swiss"]
[EventRounds "11"]
[EventCountry "GBR"]
[SourceTitle "EXT 1997"]
[Source "ChessBase"]
[SourceDate "1996.11.15"]
[SourceVersion "1"]
[SourceVersionDate "1996.11.15"]
[SourceQuality "1"]

1. d4 Nf6 2. c4 g6 3. Nc3 Bg7 4. e4 d6 5. Be2 O-O 6. Bg5 Nbd7 7. Qd2 e5 8. d5
a5 9. f3 Nc5 10. g4 c6 11. h4 a4 12. Nh3 Qa5 13. Nf2 cxd5 14. cxd5 Bd7 15. h5
b5 16. Ncd1 Rfc8 17. Qxa5 Rxa5 18. Kd2 Raa8 19. hxg6 fxg6 20. Ne3 Ne8 21. Nc2
Bf6 22. Bxf6 Nxf6 23. Rac1 Kg7 24. Ke3 h5 25. Nb4 hxg4 26. fxg4 g5 27. Rcg1 Rf8
28. Bf3 Rf7 29. Rg3 Rc8 30. Rd1 Nb7 31. Be2 Na5 32. Rgg1 Nc4+ 33. Bxc4 bxc4 34.
a3 Rcf8 35. Rg3 Nh7 36. Rd2 Rf4 37. Rc2 Rc8 38. Rf3 Nf6 39. Rxf4 gxf4+ 40. Kf3
Kg6 41. Rc1 Kg5 42. Nh3+ Kh4 43. Nf2 Nxg4 44. Rh1+ Kg5 45. Rg1 Rh8 46. Nc6 Rh2
0-1

[Event "GBR-ch78"]
[Site "Eastbourne"]
[Date "1991.07.29"]
[Round "1.6"]
[White "Hebden, Mark"]
[Black "Baker, Chris W"]
[Result "1-0"]
[WhiteElo "2485"]
[BlackElo "2270"]
[PlyCount "77"]
[EventDate "1991.07.29"]
[EventType "swiss"]
[EventRounds "11"]
[EventCountry "GBR"]
[SourceTitle "EXT 1997"]
[Source "ChessBase"]
[SourceDate "1996.11.15"]
[SourceVersion "1"]
[SourceVersionDate "1996.11.15"]
[SourceQuality "1"]

1. d4 Nf6 2. Nf3 e6 3. c4 c5 4. e3 d5 5. Nc3 Nc6 6. a3 Ne4 7. Qc2 Nxc3 8. bxc3
dxc4 9. Bxc4 Be7 10. O-O O-O 11. Rd1 Qc7 12. Bd3 h6 13. Bb2 Bd6 14. c4 e5 15.
dxc5 Bxc5 16. Bh7+ Kh8 17. Rd5 Ne7 18. Bxe5 Qc6 19. Be4 Nxd5 20. cxd5 Qb6 21.
Rb1 Qa5 22. Bc3 Qa6 23. Nd4 Bd7 24. Nf5 Bxf5 25. Bxf5 Bxa3 26. Qe4 Rfe8 27. Qg4
Bf8 28. h4 Rad8 29. Qd4 Qa2 30. Rb5 a6 31. Rb6 Re6 32. Bxe6 fxe6 33. d6 Qc2 34.
d7 e5 35. Rxh6+ gxh6 36. Qxe5+ Kh7 37. Qh8+ Kg6 38. Qg8+ Kh5 39. Qd5+ 1-0

[Event "GBR-ch78"]
[Site "Eastbourne"]
[Date "1991.07.29"]
[Round "1.7"]
[White "Wells, Peter K"]
[Black "Rayner, Francis"]
[Result "1-0"]
[WhiteElo "2465"]
[BlackElo "2265"]
[PlyCount "91"]
[EventDate "1991.07.29"]
[EventType "swiss"]
[EventRounds "11"]
[EventCountry "GBR"]
[SourceTitle "EXT 1997"]
[Source "ChessBase"]
[SourceDate "1996.11.15"]
[SourceVersion "1"]
[SourceVersionDate "1996.11.15"]
[SourceQuality "1"]

1. d4 Nf6 2. c4 e6 3. Nf3 c5 4. Nc3 cxd4 5. Nxd4 a6 6. g3 Qc7 7. Bg2 Be7 8. Qd3
Nc6 9. b3 O-O 10. O-O d6 11. Bb2 Bd7 12. h3 Nxd4 13. Qxd4 Bc6 14. Qd3 Bxg2 15.
Kxg2 Qc6+ 16. Qf3 Rfd8 17. Rfd1 Rab8 18. a4 Qb6 19. Na2 Qc6 20. Ba3 Qxf3+ 21.
Kxf3 Nd7 22. Nb4 Nc5 23. Rab1 Kf8 24. e4 Rdc8 25. Na2 b5 26. cxb5 axb5 27. a5
Nxe4 28. Kxe4 d5+ 29. Kd3 Bxa3 30. b4 Ra8 31. Rb3 Bxb4 32. Nxb4 Rxa5 33. Rdb1
Ke7 34. Nc2 Rc5 35. Nd4 Ra2 36. R1b2 Ra1 37. Rxb5 Rd1+ 38. Ke2 Rcc1 39. Nf3 Kf6
40. R2b4 e5 41. Rb6+ Ke7 42. Ra6 g6 43. Rb7+ Kf8 44. Ng5 Re1+ 45. Kf3 e4+ 46.
Kf4 1-0

[Event "GBR-ch78"]
[Site "Eastbourne"]
[Date "1991.07.29"]
[Round "1.8"]
[White "Britton, Richard"]
[Black "Arkell, Keith C"]
[Result "1/2-1/2"]
[WhiteElo "2255"]
[BlackElo "2455"]
[PlyCount "100"]
[EventDate "1991.07.29"]
[EventType "swiss"]
[EventRounds "11"]
[EventCountry "GBR"]
[SourceTitle "EXT 1997"]
[Source "ChessBase"]
[SourceDate "1996.11.15"]
[SourceVersion "1"]
[SourceVersionDate "1996.11.15"]
[SourceQuality "1"]

1. e4 d5 2. exd5 Nf6 3. d4 Nxd5 4. Nf3 Bf5 5. c3 c6 6. Be2 e6 7. O-O Bd6 8. Re1
O-O 9. Bg5 Qc7 10. Bh4 Nd7 11. Bg3 h6 12. Nbd2 Nf4 13. Nc4 Nxe2+ 14. Qxe2 Bxg3
15. hxg3 Rad8 16. Rad1 Nb6 17. Nce5 Bh7 18. g4 Qe7 19. Nd3 Rd6 20. Nc5 Rfd8 21.
c4 Nc8 22. Rc1 b6 23. Nb3 R6d7 24. Rc3 c5 25. dxc5 bxc5 26. Qe3 Rc7 27. g5 Nd6
28. Qe5 hxg5 29. Nxg5 Bf5 30. Qf4 Ne8 31. g4 Bg6 32. Kg2 Qd6 33. Qxd6 Rxd6 34.
Ne4 Bxe4+ 35. Rxe4 Nf6 36. Re5 Nxg4 37. Rxc5 Rxc5 38. Nxc5 Rd2 39. Ne4 Rxb2 40.
c5 Nf6 41. Nd6 Nd5 42. Ra3 Rc2 43. Rxa7 f6 44. Nb7 e5 45. Ra8+ Kh7 46. a4 e4
47. Rd8 Nf4+ 48. Kg3 Ne6 49. Re8 Rc3+ 50. Kh2 Nxc5 1/2-1/2

[Event "GBR-ch78"]
[Site "Eastbourne"]
[Date "1991.07.29"]
[Round "1.9"]
[White "Howell, James C"]
[Black "Jones, Andrew"]
[Result "1-0"]
[WhiteElo "2455"]
[BlackElo "2250"]
[PlyCount "93"]
[EventDate "1991.07.29"]
[EventType "swiss"]
[EventRounds "11"]
[EventCountry "GBR"]
[SourceTitle "EXT 1997"]
[Source "ChessBase"]
[SourceDate "1996.11.15"]
[SourceVersion "1"]
[SourceVersionDate "1996.11.15"]
[SourceQuality "1"]

1. e4 c5 2. Nf3 Nc6 3. d4 cxd4 4. Nxd4 Nf6 5. Nc3 e5 6. Ndb5 d6 7. a4 a6 8. Na3
Be6 9. Bg5 Rc8 10. Bc4 Be7 11. Bxf6 Bxf6 12. Nd5 O-O 13. c3 Bg5 14. O-O Kh8 15.
Qe2 g6 16. Rad1 Ne7 17. Qc2 Rc6 18. Qb3 Bxd5 19. Bxd5 Nxd5 20. Qxd5 Qc8 21. Nc2
f5 22. Nb4 Rc4 23. exf5 gxf5 24. Qxd6 e4 25. Nd5 Qe8 26. Nc7 Qf7 27. Ne6 Be7
28. Qd7 Rg8 29. Nf4 b6 30. Nd5 Qg6 31. g3 Bc5 32. b3 e3 33. bxc4 e2 34. Nf4
exf1=Q+ 35. Kxf1 Qf6 36. Qd3 Qc6 37. Qxf5 Re8 38. Nd5 Qxa4 39. Qd3 Qd7 40. Kg2
Rf8 41. Nf4 Qe7 42. Rd2 a5 43. Qd5 a4 44. Ne6 Re8 45. Qe5+ Kg8 46. Re2 a3 47.
Re4 1-0

[Event "GBR-ch78"]
[Site "Eastbourne"]
[Date "1991.07.29"]
[Round "1.10"]
[White "McLaren, Leonard"]
[Black "Ward, Chris R"]
[Result "0-1"]
[WhiteElo "2250"]
[BlackElo "2435"]
[PlyCount "120"]
[EventDate "1991.07.29"]
[EventType "swiss"]
[EventRounds "11"]
[EventCountry "GBR"]
[SourceTitle "EXT 1997"]
[Source "ChessBase"]
[SourceDate "1996.11.15"]
[SourceVersion "1"]
[SourceVersionDate "1996.11.15"]
[SourceQuality "1"]

1. e4 c5 2. Nc3 Nc6 3. g3 g6 4. Bg2 Bg7 5. d3 e6 6. Be3 d6 7. Qd2 Nge7 8. Bh6
O-O 9. Bxg7 Kxg7 10. Nge2 Nd4 11. Nxd4 cxd4 12. Ne2 e5 13. c3 dxc3 14. bxc3 Be6
15. Rb1 Rb8 16. f4 f6 17. O-O Qa5 18. Rb2 Rfc8 19. Kh1 Rc7 20. Qe3 Rf8 21. h3
Bg8 22. g4 exf4 23. Qxf4 Qe5 24. Qf2 Nc8 25. Rfb1 b6 26. Rb5 d5 27. exd5 Nd6
28. d4 Qe7 29. R5b3 Ne4 30. Qe3 Bxd5 31. c4 Ba8 32. Nf4 Re8 33. d5 Nc5 34. Qg3
Kg8 35. Rf3 Qd6 36. Nh5 Qxg3 37. Nxg3 Kg7 38. Rbf1 Rf7 39. R3f2 Re3 40. Kh2 Bb7
41. Rd1 Ba6 42. Rc2 Rfe7 43. d6 Rd7 44. Bc6 Rd8 45. Rd4 Rd3 46. Rxd3 Nxd3 47.
Bb5 Bb7 48. Re2 Ne5 49. Ne4 Bxe4 50. Rxe4 Rxd6 51. Re2 Kh6 52. a4 Kg5 53. a5
Kh4 54. axb6 axb6 55. Rf2 Nf7 56. Re2 Ng5 57. Re3 Rd2+ 58. Kh1 Nxh3 59. Re7
Kxg4 60. Rxh7 Kg3 0-1

[Event "GBR-ch78"]
[Site "Eastbourne"]
[Date "1991.07.29"]
[Round "1.11"]
[White "Emms, John M"]
[Black "Hutchinson, Paul A"]
[Result "1-0"]
[WhiteElo "2425"]
[BlackElo "2245"]
[PlyCount "117"]
[EventDate "1991.07.29"]
[EventType "swiss"]
[EventRounds "11"]
[EventCountry "GBR"]
[SourceTitle "EXT 1997"]
[Source "ChessBase"]
[SourceDate "1996.11.15"]
[SourceVersion "1"]
[SourceVersionDate "1996.11.15"]
[SourceQuality "1"]

1. e4 g6 2. d4 Bg7 3. Nf3 d6 4. Nc3 c6 5. Bc4 Nf6 6. Bb3 b5 7. e5 dxe5 8. Nxe5
O-O 9. O-O a6 10. Re1 Bb7 11. Qe2 Nbd7 12. Bg5 Nb6 13. Rad1 Nbd5 14. Nxd5 cxd5
15. c3 Ne4 16. Bh4 Qc7 17. Nd3 Rfe8 18. a4 e6 19. axb5 axb5 20. Nb4 Qb6 21. Bc2
Ra5 22. Bd3 Rea8 23. Bxe4 dxe4 24. Be7 Qc7 25. Bc5 Rd8 26. Qe3 Bd5 27. Ra1 Rda8
28. Rxa5 Rxa5 29. f3 f5 30. fxe4 fxe4 31. Qh3 Bc4 32. Qh4 Bd5 33. Qg4 Ra8 34.
Nxd5 exd5 35. Qe6+ Qf7 36. Qc6 Re8 37. Qxb5 e3 38. Qe2 Bh6 39. Rf1 Qe6 40. Rf3
Qe4 41. h3 Bf4 42. c4 dxc4 43. Qxc4+ Kg7 44. Qe2 Ra8 45. Rf1 Bg3 46. Kh1 Re8
47. b4 Qh4 48. d5 Bf4 49. Rf3 Qh5 50. d6 Qe5 51. d7 Rd8 52. Bxe3 Bxe3 53. Rxe3
Qa1+ 54. Kh2 Rxd7 55. Re7+ Rxe7 56. Qxe7+ Kh6 57. b5 Qd4 58. Qc7 Kg5 59. b6 1-0

[Event "GBR-ch78"]
[Site "Eastbourne"]
[Date "1991.07.29"]
[Round "1.12"]
[White "Rogers, Jonathan"]
[Black "Martin, Andrew D"]
[Result "1/2-1/2"]
[WhiteElo "2245"]
[BlackElo "2415"]
[PlyCount "47"]
[EventDate "1991.07.29"]
[EventType "swiss"]
[EventRounds "11"]
[EventCountry "GBR"]
[SourceTitle "EXT 1997"]
[Source "ChessBase"]
[SourceDate "1996.11.15"]
[SourceVersion "1"]
[SourceVersionDate "1996.11.15"]
[SourceQuality "1"]

1. b4 Nf6 2. Bb2 e6 3. b5 Be7 4. Nf3 O-O 5. e3 b6 6. d4 Bb7 7. Bd3 c5 8. O-O d6
9. dxc5 bxc5 10. c4 Nbd7 11. Nbd2 d5 12. a4 Qc7 13. Qc2 Bd6 14. h3 Rac8 15.
Rfd1 Ne5 16. Nxe5 Bxe5 17. Nf3 Bxb2 18. Qxb2 d4 19. exd4 Bxf3 20. gxf3 Qf4 21.
Be2 Qh4 22. dxc5 Rxc5 23. Qd4 Qg5+ 24. Kh2 1/2-1/2

[Event "GBR-ch78"]
[Site "Eastbourne"]
[Date "1991.07.29"]
[Round "1.14"]
[White "Daly, Colm"]
[Black "McDonald, Neil R"]
[Result "0-1"]
[WhiteElo "2230"]
[BlackElo "2390"]
[PlyCount "90"]
[EventDate "1991.07.29"]
[EventType "swiss"]
[EventRounds "11"]
[EventCountry "GBR"]
[SourceTitle "EXT 1997"]
[Source "ChessBase"]
[SourceDate "1996.11.15"]
[SourceVersion "1"]
[SourceVersionDate "1996.11.15"]
[SourceQuality "1"]

1. Nf3 Nf6 2. g3 g6 3. Bg2 Bg7 4. O-O O-O 5. d4 d6 6. c3 Nbd7 7. Nbd2 e5 8. e4
c6 9. Re1 Qc7 10. b3 b5 11. a4 b4 12. Bb2 bxc3 13. Bxc3 Ba6 14. dxe5 Ng4 15.
Qc2 Ngxe5 16. Nxe5 Nxe5 17. Bxe5 Bxe5 18. Rac1 c5 19. Nf3 Bg7 20. Bf1 Bb7 21.
Bc4 Rab8 22. Rcd1 Kh8 23. Bd5 Bc8 24. Nd4 Bg4 25. Rd2 Bh6 26. Nb5 Qe7 27. Rd3
f5 28. f3 Bh3 29. Re2 Rbe8 30. f4 a6 31. Nc3 c4 32. Bxc4 Qa7+ 33. Kh1 Bf1 34.
Rxd6 Bxe2 35. Qxe2 fxe4 36. Nd5 a5 37. Kg2 Qd4 38. h4 Rd8 39. Rxd8 Rxd8 40. Ne3
Bf8 41. Nf1 Bc5 42. Kh3 Kg7 43. h5 Rf8 44. Nd2 Re8 45. Nf3 Qd7+ 0-1

[Event "GBR-ch78"]
[Site "Eastbourne"]
[Date "1991.07.29"]
[Round "1.17"]
[White "Cooper, John Grantley"]
[Black "Mordue, A Tyson"]
[Result "1-0"]
[WhiteElo "2370"]
[BlackElo "2210"]
[PlyCount "95"]
[EventDate "1991.07.29"]
[EventType "swiss"]
[EventRounds "11"]
[EventCountry "GBR"]
[SourceTitle "EXT 1997"]
[Source "ChessBase"]
[SourceDate "1996.11.15"]
[SourceVersion "1"]
[SourceVersionDate "1996.11.15"]
[SourceQuality "1"]

1. d4 Nf6 2. c4 g6 3. Nc3 Bg7 4. e4 d6 5. Nf3 O-O 6. Be2 e5 7. d5 a5 8. Bg5 h6
9. Bh4 Na6 10. Nd2 Qe8 11. a3 Bd7 12. b3 Nh7 13. f3 h5 14. O-O Bh6 15. Rb1 Be3+
16. Bf2 Bc5 17. Bxc5 Nxc5 18. Qc2 Qe7 19. b4 axb4 20. axb4 Na4 21. Ra1 Nxc3 22.
Qxc3 Qg5 23. Kh1 f5 24. c5 Nf6 25. Rxa8 Rxa8 26. c6 bxc6 27. dxc6 Be8 28. f4
Qh4 29. exf5 Ng4 30. Bxg4 Qxg4 31. fxe5 d5 32. Qc5 gxf5 33. Qxd5+ Kh7 34. b5
Ra4 35. Qd8 Rd4 36. Qe7+ Qg7 37. Qxe8 Rxd2 38. Qxh5+ Kg8 39. Qe8+ Kh7 40. Qh5+
Kg8 41. Rg1 Rb2 42. Qxf5 Rxb5 43. Re1 Rb2 44. Qe4 Kf8 45. e6 Ke8 46. Qd5 Re2
47. Qd7+ Qxd7 48. cxd7+ 1-0

[Event "GBR-ch78"]
[Site "Eastbourne"]
[Date "1991.07.29"]
[Round "1.19"]
[White "Dishman, Stephen"]
[Black "Regan, Natasha"]
[Result "1-0"]
[WhiteElo "2360"]
[BlackElo "2195"]
[PlyCount "45"]
[EventDate "1991.07.29"]
[EventType "swiss"]
[EventRounds "11"]
[EventCountry "GBR"]
[SourceTitle "EXT 1997"]
[Source "ChessBase"]
[SourceDate "1996.11.15"]
[SourceVersion "1"]
[SourceVersionDate "1996.11.15"]
[SourceQuality "1"]

1. d4 Nf6 2. Nc3 d5 3. Bg5 Ne4 4. Nxe4 dxe4 5. e3 c5 6. c3 cxd4 7. exd4 Qd5 8.
Be3 e5 9. dxe5 Qxe5 10. Ne2 Nc6 11. Nf4 Bd6 12. Nh5 Bf8 13. Be2 Bd7 14. Qb3 Na5
15. Qc2 f5 16. Bd4 Qe7 17. Nf4 Nc6 18. Bh5+ Kd8 19. Be3 Qe5 20. O-O-O Rc8 21.
Rd5 Qf6 22. Rhd1 Rc7 23. Qd2 1-0

[Event "GBR-ch78"]
[Site "Eastbourne"]
[Date "1991.07.29"]
[Round "1.21"]
[White "Jackson, Oliver"]
[Black "Thipsay, Bagyashree Sathe"]
[Result "1-0"]
[WhiteElo "2345"]
[BlackElo "2185"]
[PlyCount "59"]
[EventDate "1991.07.29"]
[EventType "swiss"]
[EventRounds "11"]
[EventCountry "GBR"]
[SourceTitle "EXT 1997"]
[Source "ChessBase"]
[SourceDate "1996.11.15"]
[SourceVersion "1"]
[SourceVersionDate "1996.11.15"]
[SourceQuality "1"]

1. e4 c6 2. d4 d5 3. Nc3 dxe4 4. Nxe4 Nd7 5. Bc4 Ngf6 6. Nxf6+ Nxf6 7. Nf3 Bf5
8. O-O e6 9. Re1 Be7 10. Ne5 h6 11. c3 O-O 12. Qf3 Rc8 13. Bf4 Qb6 14. Re2 c5
15. dxc5 Bxc5 16. Bb3 Bd6 17. h3 Qc7 18. Rae1 Qe7 19. g4 Bh7 20. Nxf7 Bxf4 21.
Rxe6 Qc7 22. Ne5 Kh8 23. Qxf4 Ne4 24. Rxe4 Rxf4 25. Rxf4 Bg8 26. Re7 Qd6 27.
Rd4 Qf6 28. Bc2 Be6 29. Ng6+ Kg8 30. Rxe6 1-0

[Event "GBR-ch78"]
[Site "Eastbourne"]
[Date "1991.07.29"]
[Round "1.32"]
[White "Parveen, Tanima"]
[Black "Hennigan, Michael T"]
[Result "0-1"]
[WhiteElo "2005"]
[BlackElo "2300"]
[PlyCount "42"]
[EventDate "1991.07.29"]
[EventType "swiss"]
[EventRounds "11"]
[EventCountry "GBR"]
[SourceTitle "EXT 1997"]
[Source "ChessBase"]
[SourceDate "1996.11.15"]
[SourceVersion "1"]
[SourceVersionDate "1996.11.15"]
[SourceQuality "1"]

1. e4 g6 2. d4 Bg7 3. Nf3 d6 4. Nc3 a6 5. Be2 b5 6. a3 Nd7 7. O-O Bb7 8. Re1 e5
9. Be3 Ngf6 10. dxe5 dxe5 11. Bd3 O-O 12. Qe2 Qe7 13. Rad1 Rfd8 14. Nd2 Nc5 15.
Bxb5 axb5 16. Qxb5 Ncxe4 17. Ncxe4 Bxe4 18. Bc5 Qe6 19. Bb4 Bc6 20. Qc4 Rd5 21.
Re2 Bb5 0-1

[Event "GBR-ch78"]
[Site "Eastbourne"]
[Date "1991.07.30"]
[Round "2.2"]
[White "Barua, Dibyendu"]
[Black "Dishman, Stephen"]
[Result "1-0"]
[WhiteElo "2550"]
[BlackElo "2360"]
[PlyCount "69"]
[EventDate "1991.07.29"]
[EventType "swiss"]
[EventRounds "11"]
[EventCountry "GBR"]
[SourceTitle "EXT 1997"]
[Source "ChessBase"]
[SourceDate "1996.11.15"]
[SourceVersion "1"]
[SourceVersionDate "1996.11.15"]
[SourceQuality "1"]

1. e4 d5 2. exd5 Qxd5 3. Nc3 Qa5 4. d4 Nf6 5. Nf3 Bf5 6. Bc4 e6 7. O-O c6 8.
Bf4 Nbd7 9. h3 Be7 10. a3 Nd5 11. Nxd5 cxd5 12. Bb3 O-O 13. Qe2 Nf6 14. Ne5
Rac8 15. c3 Rfd8 16. g4 Bg6 17. h4 Qb6 18. Ba4 h6 19. Nxg6 fxg6 20. Bc2 Nh7 21.
Bg3 Nf8 22. Rab1 Bd6 23. Kg2 Rd7 24. f4 Qc7 25. Rf3 Rf7 26. Rbf1 Re8 27. Bd3 h5
28. gxh5 gxh5 29. f5 Bxg3 30. Rxg3 e5 31. Qxh5 e4 32. Be2 Rd8 33. f6 g6 34. Qg5
Qb6 35. Bh5 1-0

[Event "GBR-ch78"]
[Site "Eastbourne"]
[Date "1991.07.30"]
[Round "2.3"]
[White "Thipsay, Praveen Mahadeo"]
[Black "Jackson, Oliver"]
[Result "1-0"]
[WhiteElo "2490"]
[BlackElo "2345"]
[PlyCount "75"]
[EventDate "1991.07.29"]
[EventType "swiss"]
[EventRounds "11"]
[EventCountry "GBR"]
[SourceTitle "EXT 1997"]
[Source "ChessBase"]
[SourceDate "1996.11.15"]
[SourceVersion "1"]
[SourceVersionDate "1996.11.15"]
[SourceQuality "1"]

1. e4 c5 2. Nf3 e6 3. d4 cxd4 4. Nxd4 a6 5. Bd3 Nf6 6. O-O Qc7 7. Qe2 d6 8. Nd2
Be7 9. f4 Nbd7 10. N2f3 Nc5 11. Kh1 b5 12. b4 Na4 13. e5 Nc3 14. Qe1 dxe5 15.
fxe5 Nfd5 16. a3 h6 17. Qg3 g5 18. Qh3 Bb7 19. Nxg5 Bxg5 20. Bxg5 Qxe5 21. Bh4
Qxd4 22. Rae1 Nf4 23. Rxf4 Qxf4 24. Rxe6+ Kf8 25. Be7+ Kg8 26. Rf6 Qe5 27. Qg4+
Qg5 28. Rg6+ fxg6 29. Qe6+ Kg7 30. Bxg5 hxg5 31. Qxg6+ Kf8 32. Qf6+ Kg8 33.
Qxg5+ Kf8 34. Qf6+ Kg8 35. Qxc3 Re8 36. Kg1 Rh6 37. Qc7 Bd5 38. Qf4 1-0

[Event "GBR-ch78"]
[Site "Eastbourne"]
[Date "1991.07.30"]
[Round "2.4"]
[White "Byway, Paul V"]
[Black "Hebden, Mark"]
[Result "0-1"]
[WhiteElo "2315"]
[BlackElo "2485"]
[PlyCount "86"]
[EventDate "1991.07.29"]
[EventType "swiss"]
[EventRounds "11"]
[EventCountry "GBR"]
[SourceTitle "EXT 1997"]
[Source "ChessBase"]
[SourceDate "1996.11.15"]
[SourceVersion "1"]
[SourceVersionDate "1996.11.15"]
[SourceQuality "1"]

1. Nf3 Nf6 2. c4 g6 3. g3 Bg7 4. Bg2 O-O 5. O-O d6 6. d4 Nc6 7. d5 Na5 8. Nfd2
c6 9. a3 Ng4 10. Ra2 Ne5 11. b3 cxd5 12. cxd5 Bf5 13. Bb2 Rc8 14. Bc3 Qb6 15.
Bxe5 Bxe5 16. e4 Bd7 17. Rc2 Bg4 18. Qxg4 Rxc2 19. b4 Nc4 20. Qd1 Nxd2 21. Qxc2
Nxf1 22. Bxf1 Qd4 23. Nd2 Qc3 24. Qxc3 Bxc3 25. Nc4 Rc8 26. b5 f5 27. exf5 gxf5
28. Ne3 f4 29. gxf4 Rf8 30. f5 Bd4 31. Nc2 Bb6 32. Bd3 Kg7 33. Kf1 Kf6 34. Ke2
Ke5 35. Ne3 Bxe3 36. Kxe3 Rf6 37. f4+ Kxd5 38. Be4+ Kc5 39. Bxb7 Rh6 40. a4 d5
41. a5 Rh3+ 42. Kf2 Rxh2+ 43. Kg3 Ra2 0-1

[Event "GBR-ch78"]
[Site "Eastbourne"]
[Date "1991.07.30"]
[Round "2.5"]
[White "Plaskett, H James"]
[Black "Walker, David"]
[Result "1-0"]
[WhiteElo "2465"]
[BlackElo "2345"]
[PlyCount "87"]
[EventDate "1991.07.29"]
[EventType "swiss"]
[EventRounds "11"]
[EventCountry "GBR"]
[SourceTitle "EXT 1997"]
[Source "ChessBase"]
[SourceDate "1996.11.15"]
[SourceVersion "1"]
[SourceVersionDate "1996.11.15"]
[SourceQuality "1"]

1. d4 g6 2. e4 Bg7 3. Nc3 d6 4. f4 Nf6 5. Nf3 c5 6. dxc5 Qa5 7. Bd3 Qxc5 8. Qe2
O-O 9. Be3 Qa5 10. O-O Bg4 11. h3 Bxf3 12. Qxf3 Nc6 13. a3 Nd7 14. Bd2 Qb6+ 15.
Kh1 Nc5 16. Rab1 Nxd3 17. cxd3 f5 18. g4 fxg4 19. hxg4 e6 20. Qg3 Rf7 21. f5
Raf8 22. Rg1 exf5 23. gxf5 Ne7 24. Bg5 Bf6 25. Bf4 Bd4 26. Bxd6 Bf2 27. Qh2
Bxg1 28. Rxg1 Qe3 29. Rg3 Qe1+ 30. Rg1 Qe3 31. Rg3 Qe1+ 32. Qg1 Qxg1+ 33. Kxg1
Rd8 34. Bf4 a6 35. Bg5 Re8 36. d4 Nxf5 37. exf5 Rxf5 38. d5 Re1+ 39. Kg2 Kg7
40. d6 Rf7 41. Rd3 Rd7 42. Na4 Re6 43. Bf4 Rd8 44. Nc5 1-0

[Event "GBR-ch78"]
[Site "Eastbourne"]
[Date "1991.07.30"]
[Round "2.6"]
[White "Knox, Victor W"]
[Black "Wells, Peter K"]
[Result "0-1"]
[WhiteElo "2310"]
[BlackElo "2465"]
[PlyCount "58"]
[EventDate "1991.07.29"]
[EventType "swiss"]
[EventRounds "11"]
[EventCountry "GBR"]
[SourceTitle "EXT 1997"]
[Source "ChessBase"]
[SourceDate "1996.11.15"]
[SourceVersion "1"]
[SourceVersionDate "1996.11.15"]
[SourceQuality "1"]

1. e4 e5 2. Nf3 Nc6 3. Nc3 Nf6 4. d4 exd4 5. Nxd4 Bb4 6. Nxc6 bxc6 7. Bd3 d5 8.
exd5 Qe7+ 9. Qe2 Qxe2+ 10. Kxe2 cxd5 11. Bb5+ Bd7 12. Bxd7+ Kxd7 13. Rd1 Rhe8+
14. Kf1 Bxc3 15. bxc3 Kc6 16. Be3 Ne4 17. Rd3 Nd6 18. Bd4 f6 19. Rg3 Re7 20.
Re1 Ne4 21. Kg1 Kd6 22. Rge3 c5 23. f3 cxd4 24. cxd4 f5 25. fxe4 fxe4 26. Ra3
Rc8 27. c3 Rb7 28. Kf2 Rb2+ 29. Re2 e3+ 0-1